000 00528nam a2200217Ia 4500
003 OSt
005 20220924134518.0
006 a|||||r|||| 00| 0
007 ta
008 220923b |||||||| |||| 00| 0 snd d
024 _a275044
037 _cTextual
040 _aARTS
_cARTS
_bsnd
041 _2snd
_asnd
082 _aY1, 1593J2
100 _aPherwani
_9207396
245 0 _aSath Sakhiya jo pangati jeewan
260 _c1952
942 _hY1, 1593J2
_cTEXL
_2CC
999 _c437538
_d437538